Most Populous U.S. States - Sudden Death - Statistics

General Stats
  • This quiz has been taken 69 times
  • The average score is 12 of 25
Answers on the Grid
Answers color-coded by a green-red scale on the quiz's grid according to % correct below.
Alabama
Alaska
Arizona
Arkansas
California
Colorado
Connecticut
Delaware
Florida
Georgia
Hawaii
Idaho
Illinois
Indiana
Iowa
Kansas
Kentucky
Louisiana
Maine
Maryland
Massachusetts
Michigan
Minnesota
Mississippi
Missouri
Montana
Nebraska
Nevada
New Hampshire
New Jersey
New Mexico
New York
North Carolina
North Dakota
Ohio
Oklahoma
Oregon
Pennsylvania
Rhode Island
South Carolina
South Dakota
Tennessee
Texas
Utah
Vermont
Virginia
Washington
West Virginia
Wisconsin
Wyoming
 
Answer Stats
Answer % Correct
California
88%
New York
80%
Texas
78%
Florida
73%
Georgia
67%
Pennsylvania
63%
New Jersey
59%
Illinois
57%
Ohio
57%
Michigan
53%
Virginia
51%
Massachusetts
47%
Arizona
45%
Washington
45%
Colorado
43%
North Carolina
43%
Tennessee
33%
Indiana
31%
Minnesota
27%
Wisconsin
27%
Maryland
24%
Alabama
22%
Louisiana
22%
Missouri
18%
South Carolina
18%
No matching quizzes found
Score Distribution
Percent of People with Each Score
Percentile by Number Answered
Your Score History
You have not taken this quiz